[Event "Warsaw Najdorf Memorial op-A 22nd"]
[Site "Warsaw"]
[Date "2025.07.12"]
[Round "5"]
[White "Lisowski, Krzysztof"]
[Black "Janeczko, Jakub"]
[Result "0-1"]
[WhiteElo "2025"]
[BlackElo "2282"]
[PlyCount "74"]
[EventDate "2025.07.08"]
[EventType "swiss"]
[EventRounds "9"]
[EventCountry "POL"]
[SourceTitle "CB29_2025"]
[SourceDate "2025.07.16"]
[SourceVersion "1"]
[SourceVersionDate "2025.07.16"]
[SourceQuality "1"]

1. e4 c5 2. Nf3 Nc6 3. Bb5 e6 4. 0-0 Nge7 5. Re1 Nd4 6. Bf1 Nxf3+ 7. Qxf3 Nc6 8. c3 Be7 9. Na3 0-0 10. Nc2 d5 11. d3 d4 12. e5 dxc3 13. bxc3 f6 14. Qh5 Nxe5 15. d4 g6 16. Qh3 Nf7 17. Bc4 e5 18. Qe3 Bf5 19. Qe2 Kh8 20. Ne3 Bd7 21. Bxf7 Rxf7 22. dxe5 Bc6 23. e6 Rf8 24. c4 Qd6 25. Bb2 Qxe6 26. Nd5 Qxe2 27. Rxe2 Bd8 28. Rd1 Kg7 29. Nf4 Kf7 30. Ne6 Re8 31. Nxd8+ Raxd8 32. Rxd8 Rxe2 33. Bc3 Rc2 34. Bd2 Ke7 35. Rd3 Be4 36. Re3 Rxd2 37. Rxe4+ Kd6 0-1

[Event "Warsaw Maciei Memorial"]
[Site "Warsaw"]
[Date "2025.07.07"]
[Round "6"]
[White "Janeczko, Jakub"]
[Black "Karwowski, Kacper"]
[Result "1-0"]
[WhiteElo "2282"]
[BlackElo "2263"]
[PlyCount "92"]
[EventDate "2025.07.07"]
[EventType "swiss (blitz)"]
[EventRounds "11"]
[EventCountry "POL"]
[SourceTitle "CB28_2025"]
[SourceDate "2025.07.09"]
[SourceVersion "1"]
[SourceVersionDate "2025.07.09"]
[SourceQuality "1"]

1. e4 e5 2. Nf3 Nc6 3. Nc3 Nf6 4. a3 d5 5. Bb5 Nxe4 6. Qe2 Be7 7. Nxe4 dxe4 8. Qxe4 0-0 9. Bxc6 bxc6 10. 0-0 Qd5 11. Qxd5 cxd5 12. Nxe5 c5 13. d3 Bf6 14. Bf4 Bf5 15. Rfe1 Rab8 16. b3 Rb7 17. g4 Be6 18. g5 Bxe5 19. Bxe5 c4 20. dxc4 dxc4 21. b4 Rd8 22. Rad1 Rbd7 23. Rxd7 Rxd7 24. Bc3 h6 25. gxh6 gxh6 26. f3 Kh7 27. Kf2 Kg6 28. b5 Rd5 29. a4 Rh5 30. Be5 Bf5 31. c3 Bd3 32. Bg3 Bc2 33. Ra1 Rd5 34. Bf4 h5 35. Be3 Rd7 36. a5 Rb7 37. b6 axb6 38. a6 Ra7 39. Bxb6 Ra8 40. a7 Bf5 41. Bc7 Be6 42. Bb8 Bd5 43. Ra5 Bb7 44. Rc5 Kf6 45. Rxc4 Ke6 46. Rh4 Kd5 1-0

[Event "Kiel op"]
[Site "Kiel"]
[Date "2025.07.01"]
[Round "3"]
[White "Goderdzishvili, Giga"]
[Black "Janeczko, Jakub"]
[Result "1/2-1/2"]
[WhiteElo "2158"]
[BlackElo "2287"]
[PlyCount "77"]
[EventDate "2025.06.30"]
[EventType "swiss"]
[EventRounds "9"]
[EventCountry "GER"]
[SourceTitle "CB28_2025"]
[SourceDate "2025.07.09"]
[SourceVersion "1"]
[SourceVersionDate "2025.07.09"]
[SourceQuality "1"]

1. d4 Nf6 2. Nf3 c5 3. d5 b5 4. g3 e6 5. c4 bxc4 6. Nc3 exd5 7. Nxd5 Bb7 8. e4 Bxd5 9. exd5 d6 10. Bg2 Nbd7 11. 0-0 Be7 12. Nd2 Nb6 13. Qc2 0-0 14. Nxc4 Nxc4 15. Qxc4 Rb8 16. Qc2 Ne8 17. Bd2 Nc7 18. Rab1 Nb5 19. Qa4 Bg5 20. Ba5 Qc8 21. Bc3 Rb6 22. h4 Bh6 23. Be4 Nxc3 24. bxc3 Ra6 25. Qc4 g6 26. a4 Bg7 27. Bd3 Ra5 28. Kg2 Qd7 29. Bc2 Qc8 30. Bd3 Qd7 31. Rb5 Rxb5 32. axb5 Qe7 33. Ra1 Rd8 34. Ra2 h5 35. Ra1 Rd7 36. Rc1 Qe5 37. Be4 Re7 38. Bf3 Qf5 39. Qf1 1/2-1/2

[Event "POL-chT U20"]
[Site "Chotowa"]
[Date "2025.06.20"]
[Round "7.2"]
[White "Meers, Hubert"]
[Black "Janeczko, Jakub"]
[Result "0-1"]
[WhiteElo "2247"]
[BlackElo "2287"]
[PlyCount "83"]
[EventDate "2025.06.14"]
[EventType "team-tourn"]
[EventRounds "9"]
[EventCountry "POL"]
[SourceTitle "CB27_2025"]
[SourceDate "2025.07.02"]
[SourceVersion "1"]
[SourceVersionDate "2025.07.02"]
[SourceQuality "1"]
[WhiteTeam "Trzebinia Hetman Koronny"]
[BlackTeam "Warszawa Czternastka"]
[WhiteTeamCountry "POL"]
[BlackTeamCountry "POL"]

1. e4 Nf6 2. e5 Nd5 3. d4 d6 4. c4 Nb6 5. f4 g6 6. Nc3 Bg7 7. Be3 Be6 8. Nf3 Nxc4 9. Bxc4 Bxc4 10. Qa4+ b5 11. Nxb5 Bxb5 12. Qxb5+ Nd7 13. e6 fxe6 14. Ng5 c6 15. Qa4 Qc8 16. Nxe6 Nb6 17. Nxg7+ Kf7 18. Qb3+ Nd5 19. 0-0 Kxg7 20. f5 gxf5 21. Bg5 Rg8 22. Qh3 f4 23. Qh4 Kh8 24. Rae1 Qf5 25. Bxe7 Rg4 26. Qh3 Rxg2+ 27. Qxg2 Rg8 28. Qxg8+ Kxg8 29. Kf2 Qd7 30. Bg5 Qh3 31. Kg1 Qg4+ 32. Kh1 Kf7 33. Bd8 Qf5 34. Rf3 Qg4 35. Rf2 Qf5 36. a3 h6 37. Kg2 Qd3 38. Bc7 Nxc7 39. Rxf4+ Kg6 40. Ref1 Nd5 41. Rg4+ Kh5 42. Rf3 0-1

[Event "POL-chT U20"]
[Site "Chotowa"]
[Date "2025.06.14"]
[Round "1.20"]
[White "Malinowski, Szymon"]
[Black "Janeczko, Jakub"]
[Result "0-1"]
[WhiteElo "2078"]
[BlackElo "2287"]
[PlyCount "196"]
[EventDate "2025.06.14"]
[EventType "team-tourn"]
[EventRounds "9"]
[EventCountry "POL"]
[SourceTitle "CB27_2025"]
[SourceDate "2025.07.02"]
[SourceVersion "1"]
[SourceVersionDate "2025.07.02"]
[SourceQuality "1"]
[WhiteTeam "Gdynia MDK"]
[BlackTeam "Warszawa Czternastka"]
[WhiteTeamCountry "POL"]
[BlackTeamCountry "POL"]

1. d4 Nf6 2. Bf4 g6 3. e3 Bg7 4. Nf3 0-0 5. Be2 d6 6. h3 c5 7. c4 Qb6 8. Qb3 Qxb3 9. axb3 Nc6 10. Nc3 Nh5 11. dxc5 Nxf4 12. exf4 dxc5 13. 0-0 Bf5 14. g4 Bc2 15. Rfc1 Bxb3 16. Ra3 Nd4 17. Nxd4 cxd4 18. Rxb3 dxc3 19. bxc3 b6 20. Ra1 Rfd8 21. Kg2 a5 22. Raa3 Rd6 23. Rb5 Rc8 24. c5 Rxc5 25. Rxc5 bxc5 26. Rxa5 Bxc3 27. Rxc5 Bd4 28. Rc4 Kg7 29. Kf3 Bb6 30. Re4 e6 31. Rb4 h6 32. Rb5 Rc6 33. Rb4 Rc3+ 34. Kg2 Bd8 35. Re4 Rc2 36. Bf3 Bc7 37. Be2 Bxf4 38. Rxf4 Rxe2 39. Rf3 e5 40. Kg3 Rd2 41. Re3 Kf6 42. Rb3 e4 43. Rb6+ Ke5 44. Rb5+ Rd5 45. Rb7 Rd3+ 46. Kg2 f5 47. Rh7 Rd2 48. Re7+ Kf4 49. Re8 Re2 50. gxf5 gxf5 51. Rb8 e3 52. Rb4+ Kg5 53. h4+ Kh5 54. Kf3 Rxf2+ 55. Kxe3 Rh2 56. Rf4 Rh3+ 57. Kf2 Kg6 58. Rb4 Rc3 59. Kg2 Re3 60. Rb6+ Kh5 61. Rf6 Kg4 62. Rxh6 Re2+ 63. Kf1 Rh2 64. Rb6 Ra2 65. Rb4+ f4 66. Rb3 Kxh4 67. Rc3 Kg4 68. Rb3 Rh2 69. Kg1 Rc2 70. Kf1 Rd2 71. Ra3 Rd4 72. Kf2 Rd2+ 73. Kf1 Rb2 74. Rc3 Kf5 75. Ra3 Rd2 76. Rb3 Ra2 77. Rc3 Ke4 78. Rb3 Rd2 79. Rh3 Kf5 80. Ra3 Kg4 81. Rb3 Rh2 82. Kg1 Rh8 83. Kg2 Ra8 84. Rb2 Ra3 85. Rc2 Rg3+ 86. Kf2 Rh3 87. Rc4 Rh2+ 88. Kg1 Rd2 89. Kf1 Kg3 90. Rc7 Rd3 91. Rh7 Rb3 92. Rh8 Rb1+ 93. Ke2 f3+ 94. Ke3 Re1+ 95. Kd2 f2 96. Rg8+ Kh4 97. Rh8+ Kg5 98. Rg8+ Kh6 0-1

[Event "Katowice rapid op"]
[Site "Katowice"]
[Date "2025.05.31"]
[Round "11"]
[White "Janeczko, Jakub"]
[Black "Kuzmicz, Krystian"]
[Result "1/2-1/2"]
[WhiteElo "2043"]
[BlackElo "2357"]
[PlyCount "25"]
[EventDate "2025.05.31"]
[EventType "swiss"]
[EventRounds "11"]
[EventCountry "POL"]
[SourceTitle "CB24_2025"]
[SourceDate "2025.06.11"]
[SourceVersion "1"]
[SourceVersionDate "2025.06.11"]
[SourceQuality "1"]

1. e4 d5 2. exd5 Nf6 3. d4 Bg4 4. Be2 Bxe2 5. Qxe2 Qxd5 6. Nf3 Nc6 7. Nc3 Qf5 8. 0-0 0-0-0 9. Be3 e6 10. a3 Bd6 11. Nb5 Be7 12. c4 Ne4 13. Rac1 1/2-1/2

[Event "Bialystok Zamenhof Memorial 43rd"]
[Site "Bialystok"]
[Date "2024.12.31"]
[Round "9"]
[White "Janeczko, Jakub"]
[Black "Rekuc, Patryk"]
[Result "0-1"]
[WhiteElo "2326"]
[BlackElo "2264"]
[PlyCount "124"]
[EventDate "2024.12.27"]
[EventType "swiss"]
[EventRounds "9"]
[EventCountry "POL"]
[SourceTitle "CB02_2025"]
[SourceDate "2025.01.08"]
[SourceVersion "1"]
[SourceVersionDate "2025.01.08"]
[SourceQuality "1"]

1. e4 c5 2. Nc3 d6 3. d4 cxd4 4. Qxd4 Nc6 5. Qd2 Nf6 6. b3 e6 7. Bb2 d5 8. exd5 exd5 9. 0-0-0 Be6 10. Nf3 Qa5 11. Bb5 0-0-0 12. Bxc6 bxc6 13. Ne5 Kb7 14. Na4 Qxd2+ 15. Rxd2 Ne4 16. Re2 Nc5 17. Nxc5+ Bxc5 18. Nd3 Bf8 19. Bd4 Bf5 20. Nc5+ Bxc5 21. Bxc5 Rhe8 22. Rhe1 Re6 23. Rxe6 Bxe6 24. Bd4 g6 25. Kd2 h5 26. Ke3 Rc8 27. Bc5 Bf5 28. Kd2 Be6 29. Kc3 Re8 30. Kd4 Kc7 31. h3 Kd7 32. f3 a6 33. c3 Bf5 34. Rxe8 Kxe8 35. Ke5 Kd7 36. Kf6 Ke8 37. g4 Bc2 38. gxh5 gxh5 39. Kg5 Bd1 40. Kxh5 Bxf3+ 41. Kg5 Be2 42. h4 Kd7 43. h5 Ke6 44. h6 Bd3 45. Bd4 Bb1 46. b4 Ke7 47. Bg7 Ke6 48. Bf6 Bc2 49. Bd8 Kd7 50. Bb6 Ke6 51. Bd4 Bb1 52. Kf4 f6 53. Bc5 Kf7 54. a3 Bc2 55. Ke3 Kg6 56. Bf8 f5 57. Kf4 Bd3 58. Ke5 Bc2 59. Kd6 Ba4 60. Kc5 f4 61. Kb6 d4 62. Ka5 dxc3 0-1

[Event "Bialystok Zamenhof Memorial 43rd"]
[Site "Bialystok"]
[Date "2024.12.29"]
[Round "6"]
[White "Suska, Szymon"]
[Black "Janeczko, Jakub"]
[Result "1/2-1/2"]
[WhiteElo "2050"]
[BlackElo "2326"]
[PlyCount "46"]
[EventDate "2024.12.27"]
[EventType "swiss"]
[EventRounds "9"]
[EventCountry "POL"]
[SourceTitle "CB02_2025"]
[SourceDate "2025.01.08"]
[SourceVersion "1"]
[SourceVersionDate "2025.01.08"]
[SourceQuality "1"]

1. Nf3 c5 2. c4 Nf6 3. Nc3 Nc6 4. g3 g6 5. Bg2 Bg7 6. 0-0 0-0 7. d3 d5 8. cxd5 Nxd5 9. Nxd5 Qxd5 10. Be3 Bxb2 11. Rb1 Bf6 12. Nd4 Qxa2 13. Nxc6 bxc6 14. Bxc6 Bh3 15. Bxa8 Rxa8 16. Qb3 Qxb3 17. Rxb3 Bxf1 18. Kxf1 Bd4 19. Bc1 a5 20. Ba3 a4 21. Rb5 f6 22. e3 Be5 23. Ke2 Bd6 1/2-1/2

[Event "Bialystok Zamenhof Memorial 43rd"]
[Site "Bialystok"]
[Date "2024.12.27"]
[Round "2"]
[White "Kulig, Pawel"]
[Black "Janeczko, Jakub"]
[Result "1/2-1/2"]
[WhiteElo "2033"]
[BlackElo "2326"]
[PlyCount "57"]
[EventDate "2024.12.27"]
[EventType "swiss"]
[EventRounds "9"]
[EventCountry "POL"]
[SourceTitle "CB02_2025"]
[SourceDate "2025.01.08"]
[SourceVersion "1"]
[SourceVersionDate "2025.01.08"]
[SourceQuality "1"]

1. e4 c5 2. Nf3 d6 3. d4 cxd4 4. Nxd4 Nf6 5. Nc3 a6 6. Rg1 b5 7. a4 b4 8. Nd5 e6 9. Nxf6+ Qxf6 10. Be3 Bb7 11. Qd2 Nd7 12. Nb3 Bxe4 13. f3 Bd5 14. 0-0-0 Bxb3 15. cxb3 d5 16. Kb1 Be7 17. f4 0-0 18. Bd4 Qh6 19. g4 Bc5 20. g5 Qh4 21. Rg3 Rfc8 22. Rh3 Qg4 23. Rg3 Qh4 24. Rh3 Qg4 25. Rg3 Qh4 26. Rh3 Qg4 27. Rg3 Qh4 28. Rh3 Qg4 29. Rg3 1/2-1/2

[Event "Titled Tuesday intern op 24th Sep Late"]
[Site "Chess.com INT"]
[Date "2024.09.24"]
[Round "2"]
[White "Riehle, Marco"]
[Black "Janeczko, Jakub"]
[Result "1-0"]
[WhiteElo "2380"]
[BlackElo "2302"]
[PlyCount "153"]
[EventDate "2024.09.24"]
[EventType "swiss (blitz)"]
[EventRounds "11"]
[EventCountry "USA"]
[SourceTitle "EXT 2025"]
[Source "ChessBase"]
[SourceDate "2024.10.14"]
[SourceVersion "1"]
[SourceVersionDate "2024.10.14"]
[SourceQuality "1"]

1. e4 Nf6 2. e5 Nd5 3. Nc3 e6 4. Nxd5 exd5 5. d4 d6 6. Nf3 Nc6 7. Be2 Bg4 8. 0-0 Be7 9. h3 Bh5 10. Re1 0-0 11. Bf4 Bg6 12. c3 Qd7 13. Qb3 dxe5 14. Nxe5 Nxe5 15. Bxe5 c6 16. Bf3 b6 17. Re2 Bd6 18. Rae1 Bxe5 19. Rxe5 Rfe8 20. Qa3 Be4 21. Bxe4 Rxe5 22. Bxh7+ Kxh7 23. Rxe5 Re8 24. Qa4 Rxe5 25. dxe5 Qf5 26. f4 c5 27. Qd1 Qxf4 28. Qxd5 Qc1+ 29. Kh2 Qf4+ 30. g3 Qf2+ 31. Qg2 Qe3 32. Qc2+ Kg8 33. h4 Qxe5 34. a4 Qe3 35. b3 a6 36. c4 g6 37. Kg2 Kg7 38. Qb2+ Kh7 39. Qf2 Qe4+ 40. Kh2 Kg7 41. a5 bxa5 42. Qb2+ Kg8 43. Qf2 Kg7 44. Kh3 Qe6+ 45. g4 Qb6 46. Qe3 Qb4 47. h5 a4 48. bxa4 Qxc4 49. h6+ Kh7 50. Kh4 Qe6 51. Qc3 Qe7+ 52. Kh3 f6 53. g5 fxg5 54. Kg2 Qb7+ 55. Kh2 Qe7 56. Kg2 Qf7 57. Qxc5 Kxh6 58. Qd4 Qg7 59. Qd3 Qb7+ 60. Kh2 Qc7+ 61. Kg2 Qc6+ 62. Kh2 Qc7+ 63. Kg1 Qf4 64. Qxa6 g4 65. Qc6 g3 66. Qc2 Qf3 67. Qd2+ Kh7 68. a5 Qe4 69. a6 Qf5 70. Qe2 Qc5+ 71. Kg2 Qc6+ 72. Kxg3 Qb6 73. Kg2 Kh6 74. Kf3 Kg7 75. Qe5+ Kf7 76. Qd5+ Ke7 77. Qb7+ 1-0

[Event "Titled Tuesday intern op 17th Sep Late"]
[Site "Chess,com INT"]
[Date "2024.09.17"]
[Round "6"]
[White "Janeczko, Jakub"]
[Black "Martinez Ramirez, Lennis"]
[Result "0-1"]
[WhiteElo "2302"]
[BlackElo "2441"]
[PlyCount "40"]
[EventDate "2024.09.17"]
[EventType "swiss (blitz)"]
[EventRounds "11"]
[EventCountry "USA"]
[SourceTitle "EXT 2025"]
[Source "ChessBase"]
[SourceDate "2024.10.14"]
[SourceVersion "1"]
[SourceVersionDate "2024.10.14"]
[SourceQuality "1"]

1. Nf3 b5 2. d4 Bb7 3. g3 Bxf3 4. exf3 d5 5. Bxb5+ c6 6. Be2 e6 7. f4 h5 8. Bxh5 g6 9. Bf3 Bg7 10. c3 Nd7 11. Be3 Qb6 12. Qb3 Qc7 13. Nd2 Rb8 14. Qc2 c5 15. dxc5 Nxc5 16. Bd4 Rxb2 17. Qxb2 Nd3+ 18. Ke2 Nxb2 19. Bxg7 Rh7 20. Be5 Qb6 0-1

[Event "Titled Tuesday intern op 17th Sep Late"]
[Site "Chess,com INT"]
[Date "2024.09.17"]
[Round "4"]
[White "Perestjuk, Marko"]
[Black "Janeczko, Jakub"]
[Result "0-1"]
[WhiteElo "2166"]
[BlackElo "2302"]
[PlyCount "62"]
[EventDate "2024.09.17"]
[EventType "swiss (blitz)"]
[EventRounds "11"]
[EventCountry "USA"]
[SourceTitle "EXT 2025"]
[Source "ChessBase"]
[SourceDate "2024.10.14"]
[SourceVersion "1"]
[SourceVersionDate "2024.10.14"]
[SourceQuality "1"]

1. d4 Nf6 2. g3 c5 3. Nf3 cxd4 4. Nxd4 e5 5. Nb3 d5 6. Bg2 Be6 7. 0-0 Be7 8. Nc3 0-0 9. Bg5 Nbd7 10. a4 Rc8 11. a5 a6 12. Re1 h6 13. Bd2 Nc5 14. Nxc5 Bxc5 15. Na4 Ba7 16. Bb4 Re8 17. e3 Rc4 18. c3 h5 19. Bf1 Rg4 20. Nc5 Bxc5 21. Bxc5 h4 22. Bb6 Qc8 23. Rc1 Rg6 24. Qa4 Bh3 25. Rc2 Bxf1 26. Rxf1 Qh3 27. c4 Rf8 28. cxd5 Ng4 29. f3 Nxh2 30. Rxh2 Rxg3+ 31. Kh1 Qxf1# 0-1

[Event "Titled Tuesday intern op 10th Sep Early"]
[Site "Chess,com INT"]
[Date "2024.09.10"]
[Round "1"]
[White "Janeczko, Jakub"]
[Black "Chong, Kai Ni Agnes"]
[Result "1-0"]
[WhiteElo "2302"]
[BlackElo "1828"]
[PlyCount "69"]
[EventDate "2024.09.10"]
[EventType "swiss (blitz)"]
[EventRounds "11"]
[EventCountry "USA"]
[SourceTitle "EXT 2025"]
[Source "ChessBase"]
[SourceDate "2024.10.14"]
[SourceVersion "1"]
[SourceVersionDate "2024.10.14"]
[SourceQuality "1"]

1. e4 e5 2. Nf3 Nc6 3. Nc3 Nf6 4. a3 Bc5 5. Nxe5 Nxe5 6. d4 Bxd4 7. Qxd4 d6 8. Bg5 Be6 9. 0-0-0 h6 10. Bh4 g5 11. Bg3 Nfd7 12. Bb5 0-0 13. h4 g4 14. Qe3 Qf6 15. Bxd7 Nxd7 16. Nd5 Bxd5 17. Rxd5 Rae8 18. h5 Ne5 19. Qf4 Qg7 20. Rh4 Kh7 21. Qf5+ Kh8 22. Bxe5 Rxe5 23. Rxe5 Qxe5 24. Qxe5+ dxe5 25. Rxg4 Rd8 26. c3 Kh7 27. Kc2 f5 28. exf5 Rf8 29. f3 Rxf5 30. Rh4 a6 31. Kd3 Kg7 32. Ke4 Kf6 33. g3 a5 34. Rh2 a4 35. Rh4 1-0

[Event "Titled Tuesday intern op 10th Sep Early"]
[Site "Chess,com INT"]
[Date "2024.09.10"]
[Round "2"]
[White "Janeczko, Jakub"]
[Black "Sowinski, Pawel"]
[Result "0-1"]
[WhiteElo "2302"]
[BlackElo "2469"]
[PlyCount "30"]
[EventDate "2024.09.10"]
[EventType "swiss (blitz)"]
[EventRounds "11"]
[EventCountry "USA"]
[SourceTitle "EXT 2025"]
[Source "ChessBase"]
[SourceDate "2024.10.14"]
[SourceVersion "1"]
[SourceVersionDate "2024.10.14"]
[SourceQuality "1"]

1. e4 g6 2. h4 d5 3. exd5 Nf6 4. Nc3 Nxd5 5. h5 Nxc3 6. bxc3 Bg7 7. h6 Bf6 8. Nf3 0-0 9. Be2 e5 10. d4 Nc6 11. d5 Ne7 12. c4 e4 13. Nd4 c5 14. Be3 cxd4 15. Bxd4 Nf5 0-1

[Event "Bydgoszcz op"]
[Site "Bydgoszcz"]
[Date "2024.08.31"]
[Round "6"]
[White "Janeczko, Jakub"]
[Black "Md, Imran"]
[Result "1/2-1/2"]
[WhiteElo "2259"]
[BlackElo "2225"]
[PlyCount "58"]
[EventDate "2024.08.26"]
[EventType "swiss"]
[EventRounds "9"]
[EventCountry "POL"]
[SourceTitle "EXT 2025"]
[Source "ChessBase"]
[SourceDate "2024.10.14"]
[SourceVersion "1"]
[SourceVersionDate "2024.10.14"]
[SourceQuality "1"]

1. e4 e6 2. d4 d5 3. Nc3 Bb4 4. e5 c5 5. a3 Bxc3+ 6. bxc3 Qa5 7. Bd2 Qa4 8. Qg4 Kf8 9. Qd1 b6 10. Nf3 Ba6 11. Bxa6 Qxa6 12. a4 Nc6 13. a5 bxa5 14. Qe2 Qxe2+ 15. Kxe2 Nge7 16. Rhb1 f6 17. exf6 gxf6 18. Rb7 Kf7 19. Bf4 Rhd8 20. g4 Kg8 21. Rab1 cxd4 22. cxd4 Ng6 23. Bg3 Rac8 24. c3 Re8 25. h4 e5 26. Kf1 a4 27. h5 Nf8 28. Ra1 Nd8 29. Rxa7 Rxc3 1/2-1/2

[Event "Titled Tuesday intern op 27th Aug Late"]
[Site "Chess.com INT"]
[Date "2024.08.27"]
[Round "3"]
[White "Chigaev, Maksim"]
[Black "Janeczko, Jakub"]
[Result "1-0"]
[WhiteElo "2628"]
[BlackElo "2259"]
[PlyCount "61"]
[EventDate "2024.08.27"]
[EventType "swiss (blitz)"]
[EventRounds "11"]
[EventCountry "USA"]
[SourceTitle "EXT 2025"]
[Source "ChessBase"]
[SourceDate "2024.10.14"]
[SourceVersion "1"]
[SourceVersionDate "2024.10.14"]
[SourceQuality "1"]

1. e4 Nf6 2. e5 Nd5 3. d4 d6 4. Nf3 dxe5 5. Nxe5 g6 6. Bc4 c6 7. 0-0 Bg7 8. Re1 0-0 9. c3 Nd7 10. Nf3 N7f6 11. h3 Bf5 12. Bb3 h5 13. Na3 Qd7 14. Ne5 Qc7 15. Qf3 Nd7 16. Nxd7 Qxd7 17. Nc4 b5 18. Ne5 Qd6 19. Nxc6 e6 20. Bxd5 exd5 21. Ne7+ Kh8 22. Nxf5 gxf5 23. Qxh5+ Kg8 24. Qxf5 Rae8 25. Bf4 Qc6 26. a3 Re4 27. Rxe4 dxe4 28. Re1 Re8 29. Re3 Qe6 30. Qxb5 Qa2 31. Qxe8+ 1-0

[Event "Titled Tuesday intern op 13th Aug Early"]
[Site "Chess.com INT"]
[Date "2024.08.13"]
[Round "2"]
[White "Vaglio Mattey, Emanuel"]
[Black "Janeczko, Jakub"]
[Result "1-0"]
[WhiteElo "2155"]
[BlackElo "2259"]
[PlyCount "119"]
[EventDate "2024.08.13"]
[EventType "swiss (blitz)"]
[EventRounds "11"]
[EventCountry "USA"]
[SourceTitle "EXT 2025"]
[Source "ChessBase"]
[SourceDate "2024.10.14"]
[SourceVersion "1"]
[SourceVersionDate "2024.10.14"]
[SourceQuality "1"]

1. d4 Nf6 2. c4 c5 3. d5 b5 4. a4 b4 5. b3 g6 6. Bb2 Bg7 7. e4 d6 8. Nf3 0-0 9. Nbd2 e6 10. Be2 exd5 11. exd5 Bg4 12. 0-0 Nbd7 13. h3 Bxf3 14. Nxf3 Re8 15. Re1 a5 16. Bd3 Rxe1+ 17. Qxe1 Qc7 18. Qd2 Re8 19. Re1 Qd8 20. Re3 Rxe3 21. fxe3 Nh5 22. Bxg7 Kxg7 23. Qb2+ Qf6 24. Qxf6+ Nhxf6 25. Kf2 h6 26. g4 Kf8 27. Kg3 Ke7 28. Kf4 Ne8 29. h4 Nef6 30. g5 hxg5+ 31. hxg5 Nh5+ 32. Kg4 Ng7 33. Bc2 f5+ 34. gxf6+ Kxf6 35. Kf4 Nh5+ 36. Kg4 Ng7 37. Ng5 Ne5+ 38. Kh4 Nf5+ 39. Bxf5 Kxf5 40. Ne6 Nxc4 41. Ng7+ Ke4 42. Ne8 Kxe3 43. Kg5 Nd2 44. Nxd6 Nxb3 45. Nc4+ Kd4 46. d6 Kxc4 47. d7 Kc3 48. d8Q c4 49. Kf4 Kb2 50. Ke3 c3 51. Qh8 Kb1 52. Qh1+ Kb2 53. Qh8 Kb1 54. Qh1+ Kb2 55. Kd3 c2 56. Qg2 Kb1 57. Qxc2+ Ka1 58. Qxb3 g5 59. Kc2 g4 60. Qb2# 1-0

[Event "Riga Tech op-A"]
[Site "Riga"]
[Date "2024.08.11"]
[Round "9"]
[White "Janeczko, Jakub"]
[Black "Dudognon, Thibault"]
[Result "1-0"]
[WhiteElo "2259"]
[BlackElo "2417"]
[PlyCount "117"]
[EventDate "2024.08.05"]
[EventType "swiss"]
[EventRounds "9"]
[EventCountry "LAT"]
[SourceTitle "CBM 221 Extra"]
[Source "ChessBase"]
[SourceDate "2024.09.30"]
[SourceVersion "1"]
[SourceVersionDate "2024.09.30"]
[SourceQuality "1"]

1. e4 c5 2. Nf3 d6 3. Bb5+ Nd7 4. d4 cxd4 5. Qxd4 a6 6. Be2 Ngf6 7. c4 g6 8. Qe3 Bg7 9. h3 Qb6 10. Qxb6 Nxb6 11. e5 dxe5 12. Be3 Nbd7 13. Nc3 b6 14. 0-0 Bb7 15. Rfd1 0-0 16. b4 e4 17. Nd2 a5 18. bxa5 bxa5 19. Rab1 Bc6 20. Nb3 Rfc8 21. Nd4 Ne5 22. Nxc6 Rxc6 23. c5 Rc7 24. Na4 e6 25. Nb6 Rb8 26. Rb5 Nc6 27. a4 Rcb7 28. Rd6 Rc7 29. Bf4 e5 30. Bg5 Nd4 31. Bc4 Nxb5 32. axb5 Rxc5 33. Bxf6 Bxf6 34. Rxf6 Rxb6 35. Bxf7+ Kg7 36. Rxb6 Kxf7 37. Rb7+ Ke6 38. b6 Rb5 39. Rxh7 Rxb6 40. Ra7 Rb5 41. Ra6+ Kf5 42. Kh2 Rb2 43. Kg3 Ra2 44. Ra8 Ra3+ 45. Kh2 e3 46. fxe3 Ke4 47. Rg8 Kxe3 48. Rxg6 Kd4 49. h4 e4 50. h5 e3 51. h6 e2 52. h7 e1Q 53. Rg4+ Kd5 54. Rg5+ Kd6 55. h8Q Re3 56. Qd4+ Ke6 57. Qd5+ Kf6 58. Rf5+ Kg6 59. Qf7+ 1-0

[Event "Riga Tech op-A"]
[Site "Riga"]
[Date "2024.08.06"]
[Round "2"]
[White "Lamard, Guillaume"]
[Black "Janeczko, Jakub"]
[Result "1-0"]
[WhiteElo "2510"]
[BlackElo "2259"]
[PlyCount "47"]
[EventDate "2024.08.05"]
[EventType "swiss"]
[EventRounds "9"]
[EventCountry "LAT"]
[SourceTitle "CBM 221 Extra"]
[Source "ChessBase"]
[SourceDate "2024.09.30"]
[SourceVersion "1"]
[SourceVersionDate "2024.09.30"]
[SourceQuality "1"]

1. d4 Nf6 2. c4 e6 3. Nf3 d5 4. g3 dxc4 5. Bg2 a6 6. 0-0 Nc6 7. Qd2 Rb8 8. Ne5 Bd7 9. Nxc4 Be7 10. Nc3 0-0 11. Rd1 Qc8 12. Ne5 Rd8 13. Qc2 Nb4 14. Qb3 Be8 15. a3 Nbd5 16. Na4 Bxa4 17. Qxa4 b5 18. Qc2 c5 19. dxc5 Bxc5 20. e4 Ne7 21. Rxd8+ Qxd8 22. Qxc5 Rc8 23. Qe3 Qd1+ 24. Bf1 1-0

[Event "Titled Tuesday intern op 23rd Jul Late"]
[Site "Chess.com INT"]
[Date "2024.07.23"]
[Round "4"]
[White "George Micheal, Kevin"]
[Black "Janeczko, Jakub"]
[Result "1-0"]
[WhiteElo "2271"]
[BlackElo "2246"]
[PlyCount "33"]
[EventDate "2024.07.23"]
[EventType "swiss (blitz)"]
[EventRounds "11"]
[EventCountry "USA"]
[SourceTitle "EXT 2025"]
[Source "ChessBase"]
[SourceDate "2024.10.14"]
[SourceVersion "1"]
[SourceVersionDate "2024.10.14"]
[SourceQuality "1"]

1. Nf3 c5 2. e4 Nc6 3. Nc3 e6 4. d4 cxd4 5. Nxd4 Nf6 6. Nxc6 bxc6 7. Bd3 d5 8. 0-0 Be7 9. h3 0-0 10. Qf3 a5 11. Bg5 Ba6 12. Rad1 Bxd3 13. Qxd3 a4 14. a3 Qb6 15. e5 Qxb2 16. exf6 gxf6 17. Bh6 1-0